000 01181nam a22002777a 4500
001 9271
003 FISKH
005 20251208162852.0
008 251208b cb ||||| |||| 00| 0 eng d
020 _a9780545805384
040 _aFISKH
_beng
_cFISKH
_dFISKH
050 _aQA273 .G65
082 _a519.2
100 _aGoldstone, Bruce
_eAuthor
245 _aThat's a possibility! :
_bA book about what might happen /
_cBruce Goldstone
260 _aNew York :
_bScholastic Inc. ,
_c2013
300 _a32 pages :
_bcolor illustrations ;
_c28 cm
505 _aL
520 _a"With colorful photographs and interactive examples, Bruce Goldstone introduces children to the ideas of something being possible, probable, or impossible. Each spread features an easy-to-understand, fun scenario such as dice rolling and bowling, with questions about probable outcomes and simple explanations. In the vein of GREAT ESTIMATIONS, this is a perfect book for getting across important math concepts in a fun way"--
521 8 _a580
_bLexile
521 8 _aL
_bRaz-Plus
650 _aProbability
_vProbable
650 _aMath
_vMath cabinet
942 _2ddc
_cBK
_n0
999 _c9271
_d9271